Technológia II (výroba maltovín a betónu) pre 3. ročník SPŠ stavebných : učeb. pre 3. roč. štud. odboru 27-24-6 technológia stavebných spojív /

Hlavní autor: Sýkora, Vladislav
Další autoři: May, Jan
Jazyk: Slovenština
Vydáno: Bratislava : Alfa, 1990
Vydání: 2. vyd.
Edice: Edícia stavebníckej literatúry (Alfa)
Témata:
Fyzický popis: 236 s.
Knihy
Uloženo v:
LEADER 01013nam a2200265 a 4500
001 000028109
003 CZ BrMZK
005 20090130132041.0
007 ta
008 010907s1990 xo f 000 0 slo d
020 |a 80-05-00267-X 
040 |a BOA001  |b cze 
080 |a 372.866.69(075.3):377.5  |2 MRF 
100 1 |a Sýkora, Vladislav  |7 jk01122220  |4 aut 
245 1 0 |a Technológia II (výroba maltovín a betónu) pre 3. ročník SPŠ stavebných :  |b učeb. pre 3. roč. štud. odboru 27-24-6 technológia stavebných spojív /  |c Vladislav Sýkora, Jan May 
250 |a 2. vyd. 
260 |a Bratislava :  |b Alfa,  |c 1990 
300 |a 236 s. 
490 1 |a Edícia stavebníckej literatúry 
700 1 |a May, Jan  |7 jk01080934  |4 aut 
830 0 |a Edícia stavebníckej literatúry (Alfa)  |0 s 
910 |a BOA001  |b PK-0112.498 
964 |a Stavebnictví - technologie - učebnice - školy odborné střední 
990 |a BK 
996 7 |b 3119991221  |c PK-0112.498  |l MZK  |r Sklad / do 1 hodiny  |n 2  |w 000028109  |u 000010  |a 1  |e BOA001  |j MZK50  |s A